The business of options : time-tested principles and practices
| Main Author: | O'Connell, Martin P |
|---|---|
| Language: | English |
| Published: |
New York:
John Wiley & Sons,
2001.
|
| Subjects: |
| LEADER | 00616cam a2200181 7i4500 | ||
|---|---|---|---|
| 001 | 0000004394 | ||
| 005 | 20170218090000.0 | ||
| 008 | 100622 eng | ||
| 020 | |a 0471405574 (hbk.) | ||
| 090 | 0 | 0 | |a HG6024.A3 |b O26 2001 |
| 100 | 1 | |a O'Connell, Martin P | |
| 245 | 1 | 4 | |a The business of options : |b time-tested principles and practices |c Martin P. O'Connell. |
| 260 | |a New York: |b John Wiley & Sons, |c 2001. | ||
| 300 | |a x, 244 p.; |c 24 cm. | ||
| 500 | |a Includes index | ||
| 650 | 0 | 0 | |a Options (Finance) |
| 997 | |a Business & Accountancy, Faculty | ||
| 999 | |a 0000004170 |b BOK |c OPEN SHELF |e 1st Floor, Shah Alam | ||


